LEADER 01343nam--2200373---450- 001 990002992020203316 005 20071017144417.0 010 $a92-9167-637-3 035 $a000299202 035 $aUSA01000299202 035 $a(ALEPH)000299202USA01 035 $a000299202 100 $a20071017d2004----km-y0itay0103----ba 101 $aeng 102 $aLU 105 $a||||||||001yy 200 1 $aAgriculture and the environment in the EU accession countries$eimplications of applying the EU common agricultural policy$fEuropean environment agency 210 $aLuxembourg$cOffice for official publications of the European Communities$d2004 215 $a54 p.$cill.$d30 cm 225 2 $aEnvironmental issue report$v37 410 0$12001$aEnvironmental issue report$v37 606 0 $aPolitica agraria$yPaesi della Comunità europea 606 0 $aAmbiente naturale$xTutela$yPaesi della Comunità europea 676 $a333.76094 699 $a07.01$bPolitica agraria 710 02$aAGENZIA EUROPEA DELL'AMBIENTE$0541548 801 0$aIT$bsalbc$gISBD 912 $a990002992020203316 951 $aCDE 07.01 (VII)$b12540 E.C.$cCDE 07.01$d00134938 959 $aBK 969 $aCDE 979 $aMARIAS$b90$c20071017$lUSA01$h1444 996 $aAgriculture and the environment in the EU accession countries$91029187 997 $aUNISA LEADER 03846nam 2200613 450 001 9910789091403321 005 20230617013932.0 010 $a3-11-092955-4 024 7 $a10.1515/9783110929553 035 $a(CKB)3390000000034741 035 $a(EBL)3043600 035 $a(OCoLC)922946830 035 $a(SSID)ssj0000849250 035 $a(PQKBManifestationID)11531487 035 $a(PQKBTitleCode)TC0000849250 035 $a(PQKBWorkID)10810166 035 $a(PQKB)11322501 035 $a(MiAaPQ)EBC3043600 035 $a(DE-B1597)45700 035 $a(OCoLC)979765549 035 $a(DE-B1597)9783110929553 035 $a(Au-PeEL)EBL3043600 035 $a(CaPaEBR)ebr10772683 035 $a(EXLCZ)993390000000034741 100 $a20040820d2003 uy| 0 101 0 $aeng 135 $aurnn#---|u||u 181 $ctxt 182 $cc 183 $acr 200 10$aDiminutives in English /$fKlaus P. Schneider 205 $aReprint 2012 210 1$aTu?bingen :$cMax Niemeyer,$d2003. 215 $a1 online resource (266 p.) 225 1 $aLinguistische Arbeiten,$x0344-6727 ;$v479 300 $aShortened and updated English version of the author's postdoctoral thesis "Size and attitude"--University of Marburg, 1996. 311 0 $a3-11-188252-7 311 0 $a3-484-30479-0 320 $aIncludes bibliographical references (pages [239]-254). 327 $tFront matter --$tAcknowledgements --$tContents --$tAbbreviations --$t0. Aims, claims and structure of the present study --$t1. Introduction --$t2. Researching diminutives: the state of the art --$t3. Researching diminutives: integrating grammatical and pragmatic perspectives --$t4. Grammatical aspects of English diminutives --$t5. Diminutive use in English conversation --$t6. Summary and perspectives --$tReferences 330 $aThat English has no diminutives is a common myth. The present study shows, however, that English does possess diminutives, and not only analytic but also synthetic diminutive markers. Analytic markers include, first and foremost, little, as well as other adjectives from the same word field, whereas the inventory of synthetic markers comprises suffixes as, for instance, -ie, -ette, -let, -kin, -een, -s, -er, -poo and -pegs. These markers are examined from a grammatical and a pragmatic perspective in an integrative formal-functional framework. The grammatical perspective involves phonological, morphological and semantic features, while the pragmatic perspective involves pragmalinguistic as well as sociopragmatic features on the levels of the speech act and larger interactive units in dialogue. The findings reveal that English diminutive suffixes are, in fact, among the most productive suffixes of the English language. While the suffixes share a number of features, each has developed its own profile, specifically regarding semantic and pragmatic features. In everyday conversation, there is a division of labour between the synthetic and the analytic type of formation concerning the communicative functions of diminutives and their distribution in discourse. The choice of formal device and its function depend crucially on pragmatic factors, notably on the illocution, the interactive status, the realisation strategy, and the politeness value of the utterances in which diminutives are employed, and also on the relationship between the interlocutors. 410 0$aLinguistische Arbeiten (Max Niemeyer Verlag) ;$v479. 606 $aEnglish language$xDiminutives 615 0$aEnglish language$xDiminutives. 676 $a425/.92 686 $aHF 267$2rvk 700 $aSchneider$b Klaus P$01465879 801 0$bMiAaPQ 801 1$bMiAaPQ 801 2$bMiAaPQ 906 $aBOOK 912 $a9910789091403321 996 $aDiminutives in English$93676122 997 $aUNINA LEADER 00837nam0-2200301 --450 001 9910419755303321 005 20240326092538.0 010 $a978-88-06-24057-8 100 $a20201015d2019----km y0itay50 ba 101 0 $aita 102 $aIT 105 $ay 001yy 200 1 $aAlla ricerca della morale perduta$fEugenio Scalfari 210 $aTorino$cEinaudi$d2019 215 $a130 p.$d20 cm 225 1 $aET. Scrittori 610 0 $afilosofia$aMorale 676 $a854.9$v23$zita 700 1$aScalfari,$bEugenio$f<1924- >$0119131 801 0$aIT$bUNINA$gREICAT$2UNIMARC 901 $aBK 912 $a9910419755303321 952 $aDAM A70 SCAE 01$b2024/4231$fFLFBC 952 $aIX A 1575$b170/2020$fFSPBC 959 $aFLFBC 959 $aFSPBC 996 $aAlla ricerca della morale perduta$91758642 997 $aUNINA